[Event "España tch ONCE 2009 Segunda División"]
[Site "Fuengirola ESP"]
[Date "2009.11.23"]
[Round "2.43"]
[White "Suarez Hernandez, Francisco"]
[Black "Sanchez Ruiz, Piedad Esmeralda"]
[Result "0-1"]
[WhiteElo "1654"]
[BlackElo "1958"]
[PlyCount "84"]
[EventDate "2009.11.22"]
[EventType "team-"]
[EventRounds "7"]
[EventCountry "ESP"]
[Source "lmi"]
[SourceDate "2009.11.22"]

1. Nf3 g6 2. e4 Bg7 3. d4 d6 4. Nc3 Nf6 5. h3 O-O 6. Bd3 Nbd7 7. Be3 c6 8. a4
b6 9. O-O c5 10. d5 Bb7 11. Qd2 Re8 12. Bh6 e6 13. Bc4 exd5 14. exd5 Qb8 15.
Bxg7 Kxg7 16. Bb5 Qc7 17. Rfe1 a6 18. Rxe8 Rxe8 19. Bc4 Ne5 20. Nxe5 Rxe5 21.
Re1 Qe7 22. Rxe5 Qxe5 23. Qe3 Nd7 24. Qxe5+ Nxe5 25. Bb3 f5 26. f4 Nd7 27. g4
Nf6 28. g5 Nh5 29. Ne2 b5 30. axb5 axb5 31. c4 Ba6 32. Kf2 bxc4 33. Ba4 c3 34.
Nxc3 Nxf4 35. Kg3 Nd3 36. Nd1 Bc4 37. Bc2 Nb4 38. Ne3 Bxd5 39. Bxf5 gxf5 40.
Nxf5+ Kf8 41. Nxd6 Nd3 42. h4 Nxb2 0-1

[Event "España tch ONCE 2009 Segunda División"]
[Site "Fuengirola ESP"]
[Date "2009.11.23"]
[Round "2.44"]
[White "Sanchez Ruiz, Justo"]
[Black "Arcas Rodriguez, Jordi"]
[Result "1-0"]
[WhiteElo "1789"]
[BlackElo "1631"]
[PlyCount "41"]
[EventDate "2009.11.22"]
[EventType "team-"]
[EventRounds "7"]
[EventCountry "ESP"]
[Source "lmi"]
[SourceDate "2009.11.22"]

1. e4 c5 2. Nc3 d6 3. Nf3 Nf6 4. d4 cxd4 5. Nxd4 a6 6. Bc4 e6 7. Bb3 Be7 8. O-O
O-O 9. f4 Qc7 10. Be3 Nc6 11. Qf3 Bd7 12. Nde2 Na5 13. Rac1 Rac8 14. Ng3 Nxb3
15. cxb3 Qb8 16. f5 e5 17. Nh5 Bc6 18. Nxf6+ Bxf6 19. Qg4 Qc7 20. Nd5 Qd8 21.
Bb6 1-0

[Event "España tch ONCE 2009 Segunda División"]
[Site "Fuengirola ESP"]
[Date "2009.11.24"]
[Round "3.11"]
[White "Zanoletty Garcia, David"]
[Black "Fernandez Lago, David"]
[Result "1/2-1/2"]
[WhiteElo "2004"]
[BlackElo "2003"]
[PlyCount "105"]
[EventDate "2009.11.22"]
[EventType "team-"]
[EventRounds "7"]
[EventCountry "ESP"]
[Source "lmi"]
[SourceDate "2009.11.22"]

1. d4 d5 2. c4 c6 3. Nc3 Nf6 4. Nf3 e6 5. cxd5 exd5 6. Bg5 Bd6 7. e3 O-O 8. Qc2
Nbd7 9. Bd3 Qc7 10. O-O h6 11. Bh4 Re8 12. Rfc1 g5 13. Bg3 Bxg3 14. hxg3 Qd6
15. Rab1 Ne4 16. Nxe4 dxe4 17. Bxe4 Nf6 18. Bf5 Qd5 19. Bxc8 Raxc8 20. Qc4 Qe4
21. Ne5 Re6 22. Qc2 Qd5 23. Qa4 a6 24. Rc5 Qe4 25. Qc2 Qxc2 26. Rxc2 Ne4 27.
Rbc1 f6 28. Nd7 Rd8 29. Nc5 Nxc5 30. Rxc5 Red6 31. b4 Kf7 32. a4 Ke6 33. g4 Rd5
34. Kf1 R8d7 35. Ke2 Rd8 36. Kd3 R8d7 37. R1c4 R5d6 38. Rc1 Rd5 39. f3 Kf7 40.
b5 axb5 41. axb5 Rxc5 42. Rxc5 cxb5 43. Rxb5 Rc7 44. d5 Kg6 45. e4 h5 46. gxh5+
Kxh5 47. g3 Kg6 48. d6 Rd7 49. Rb6 Kf7 50. Kc4 Ke6 51. f4 gxf4 52. gxf4 Rxd6
53. Rxb7 1/2-1/2

[Event "España tch ONCE 2009 Segunda División"]
[Site "Fuengirola ESP"]
[Date "2009.11.24"]
[Round "3.12"]
[White "Lago Carballo, Carmen"]
[Black "Rubio Mancebon, Pedro Jose"]
[Result "1-0"]
[WhiteElo "1474"]
[BlackElo "1940"]
[PlyCount "88"]
[EventDate "2009.11.22"]
[EventType "team-"]
[EventRounds "7"]
[EventCountry "ESP"]
[Source "lmi"]
[SourceDate "2009.11.22"]

1. e4 e6 2. d4 d5 3. e5 c5 4. c3 Nc6 5. Nf3 cxd4 6. cxd4 Nh6 7. Be2 Nf5 8. O-O
Be7 9. Nc3 O-O 10. g4 Nh4 11. Nxh4 Bxh4 12. f4 Bd7 13. f5 f6 14. fxe6 Bxe6 15.
exf6 Bxf6 16. Be3 g6 17. h3 Qe7 18. Qd2 Bg7 19. Bf3 Qd6 20. Bg2 Rae8 21. Rae1
Kh8 22. Kh1 Bg8 23. Bg1 Qd7 24. Rxe8 Rxe8 25. a3 b6 26. b4 Nd8 27. Ne2 Ne6 28.
Bh2 Nd8 29. Nf4 Ne6 30. Ne2 Nd8 31. Ng3 Nb7 32. Ne2 Nd6 33. Qd3 Nc4 34. Nf4 Re3
35. Qd1 Rxa3 36. Rf2 Qa4 37. Qxa4 Rxa4 38. Bxd5 Ra1+ 39. Bg1 Bxd4 40. Nxg6+
hxg6 41. Rf8 Rxg1+ 42. Kh2 Nd2 43. Rxg8+ Kh7 44. Rf8 Nf1+ 1-0

[Event "España tch ONCE 2009 Segunda División"]
[Site "Fuengirola ESP"]
[Date "2009.11.24"]
[Round "3.13"]
[White "Sanchez Ruiz, Piedad Esmeralda"]
[Black "Martinez Perez, Carlos"]
[Result "1-0"]
[WhiteElo "1958"]
[BlackElo "1611"]
[PlyCount "49"]
[EventDate "2009.11.22"]
[EventType "team-"]
[EventRounds "7"]
[EventCountry "ESP"]
[Source "lmi"]
[SourceDate "2009.11.22"]

1. e4 c5 2. Nf3 e6 3. d4 cxd4 4. Nxd4 Nf6 5. Nc3 Nc6 6. g3 d5 7. exd5 Nxd5 8.
Nxc6 bxc6 9. Ne4 Bb7 10. a3 Be7 11. Bg2 Nf6 12. O-O Qxd1 13. Rxd1 Nxe4 14. Bxe4
Bf6 15. Be3 a6 16. Rd3 Rc8 17. Rad1 Rd8 18. Rxd8+ Bxd8 19. Rd6 Ke7 20. Bc5 Bc7
21. Rd2+ Kf6 22. Rd7 Rc8 23. Be7+ Ke5 24. Bd3 g5 25. Bxg5 1-0

[Event "España tch ONCE 2009 Segunda División"]
[Site "Fuengirola ESP"]
[Date "2009.11.24"]
[Round "3.21"]
[White "Salas Rasilla, Concepcion"]
[Black "Bernabe Monteagudo, Francesc"]
[Result "1/2-1/2"]
[WhiteElo "1838"]
[BlackElo "1876"]
[PlyCount "81"]
[EventDate "2009.11.22"]
[EventType "team-"]
[EventRounds "7"]
[EventCountry "ESP"]
[Source "lmi"]
[SourceDate "2009.11.22"]

1. e4 e6 2. d4 d5 3. e5 c5 4. c3 Qb6 5. Nf3 Bd7 6. Be2 Nc6 7. O-O cxd4 8. cxd4
Nge7 9. Nc3 Nf5 10. Na4 Qa5 11. Bd2 Bb4 12. Bxb4 Qxb4 13. a3 Qa5 14. b4 Qd8 15.
Nc5 b6 16. Nxd7 Qxd7 17. Bb5 Nfe7 18. Rc1 O-O 19. Rc3 a6 20. Ba4 b5 21. Bc2 g6
22. Bb1 Rac8 23. Qd2 Kg7 24. h4 h6 25. h5 f5 26. exf6+ Rxf6 27. Rfc1 gxh5 28.
Ne5 Nxe5 29. dxe5 Rf5 30. Rg3+ Kh7 31. Rxc8 Qxc8 32. Qc3 Qc4 33. Qd2 Qc7 34.
Qe3 d4 35. Qf4 Qc4 36. Bxf5+ Nxf5 37. Qe4 Qc1+ 38. Kh2 Qc7 39. Rd3 Kg7 40. Rxd4
Nxd4 41. Qxd4 1/2-1/2

[Event "España tch ONCE 2009 Segunda División"]
[Site "Fuengirola ESP"]
[Date "2009.11.24"]
[Round "3.22"]
[White "Martinez Lopez-Cozar, Manuel"]
[Black "Bezanilla Fernandez, Angel"]
[Result "1/2-1/2"]
[WhiteElo "1704"]
[BlackElo "1747"]
[PlyCount "52"]
[EventDate "2009.11.22"]
[EventType "team-"]
[EventRounds "7"]
[EventCountry "ESP"]
[Source "lmi"]
[SourceDate "2009.11.22"]

1. d4 Nf6 2. c4 g6 3. Nc3 Bg7 4. e4 d6 5. f3 O-O 6. Bd3 e5 7. d5 Nbd7 8. Be3
Nh5 9. Qd2 f5 10. Bh6 f4 11. Bxg7 Nxg7 12. Be2 Nf6 13. Bd3 c6 14. Qf2 g5 15.
Nge2 h5 16. Kd2 g4 17. b4 h4 18. fxg4 Nxg4 19. Qf3 Qb6 20. b5 Nf2 21. Rhf1 Ng4
22. Rh1 Ne3 23. Nd1 Bg4 24. Qf2 Qa5+ 25. Ndc3 Qb6 26. Nd1 Qa5+ 1/2-1/2

[Event "España tch ONCE 2009 Segunda División"]
[Site "Fuengirola ESP"]
[Date "2009.11.24"]
[Round "3.23"]
[White "Gonzalez Quijano, Leopoldo"]
[Black "Suarez Hernandez, Francisco"]
[Result "1-0"]
[WhiteElo "1692"]
[BlackElo "1654"]
[PlyCount "49"]
[EventDate "2009.11.22"]
[EventType "team-"]
[EventRounds "7"]
[EventCountry "ESP"]
[Source "lmi"]
[SourceDate "2009.11.22"]

1. c4 d5 2. cxd5 Nf6 3. Nc3 Nxd5 4. Nf3 Nc6 5. a3 e6 6. Nxd5 Qxd5 7. g3 b6 8.
Bg2 Bb7 9. O-O Nd4 10. Nh4 Qb3 11. Bxb7 Rb8 12. Bc6+ Kd8 13. Be4 Qxd1 14. Rxd1
Nxe2+ 15. Kg2 Nd4 16. b4 f5 17. Bd3 Nb3 18. Rb1 Nxc1 19. Rdxc1 Bd6 20. Nf3 Ke7
21. Nd4 Rb7 22. Ba6 Rhb8 23. Nb5 c5 24. Bxb7 Rxb7 25. Nxd6 1-0

[Event "España tch ONCE 2009 Segunda División"]
[Site "Fuengirola ESP"]
[Date "2009.11.24"]
[Round "3.24"]
[White "Arcas Rodriguez, Jordi"]
[Black "Perez Perez, Isabel"]
[Result "1-0"]
[WhiteElo "1631"]
[BlackElo "1556"]
[PlyCount "47"]
[EventDate "2009.11.22"]
[EventType "team-"]
[EventRounds "7"]
[EventCountry "ESP"]
[Source "lmi"]
[SourceDate "2009.11.22"]

1. d4 d5 2. c4 dxc4 3. Qa4+ Bd7 4. Qxc4 Nf6 5. Nc3 Nc6 6. e4 Na5 7. Qd3 e6 8.
Nf3 Be7 9. Be2 O-O 10. O-O c6 11. Bf4 b5 12. a3 Nc4 13. b3 Nd6 14. Bxd6 Bxd6
15. e5 Bc7 16. exf6 Qxf6 17. Rad1 Rfd8 18. Ne4 Qf4 19. Neg5 g6 20. Ne4 a6 21.
g3 Qh6 22. Nf6+ Kh8 23. Ne5 Bc8 24. Nxf7+ 1-0

[Event "España tch ONCE 2009 Segunda División"]
[Site "Fuengirola ESP"]
[Date "2009.11.24"]
[Round "3.31"]
[White "Gimeno Diaz, Fernando"]
[Black "Fernandez Cabello, Emilio"]
[Result "1-0"]
[WhiteElo "1931"]
[BlackElo "1830"]
[PlyCount "65"]
[EventDate "2009.11.22"]
[EventType "team-"]
[EventRounds "7"]
[EventCountry "ESP"]
[Source "lmi"]
[SourceDate "2009.11.22"]

1. d4 Nf6 2. Nf3 g6 3. c4 Bg7 4. Nc3 O-O 5. e4 d6 6. Be2 e5 7. d5 a5 8. Bg5 h6
9. Bh4 g5 10. Bg3 Nh5 11. Nd2 Nf4 12. Bf1 f5 13. f3 Qe8 14. Bf2 Na6 15. g3 Nh5
16. Bd3 f4 17. g4 Nf6 18. Qe2 Bd7 19. h4 Qg6 20. O-O-O Nc5 21. hxg5 hxg5 22.
Bxc5 dxc5 23. Nb5 Bxb5 24. cxb5 b6 25. Nc4 Rfe8 26. d6 Ra7 27. dxc7 Rxc7 28.
Nxb6 Nxg4 29. Bc4+ Kf8 30. Nd5 Ne3 31. Nxc7 Nxd1 32. Nxe8 Qxe8 33. Qxd1 1-0

[Event "España tch ONCE 2009 Segunda División"]
[Site "Fuengirola ESP"]
[Date "2009.11.24"]
[Round "3.32"]
[White "Escabias Perez, Miguel"]
[Black "Sancho Luño, Vicente"]
[Result "1-0"]
[WhiteElo "1733"]
[BlackElo "1819"]
[PlyCount "89"]
[EventDate "2009.11.22"]
[EventType "team-"]
[EventRounds "7"]
[EventCountry "ESP"]
[Source "lmi"]
[SourceDate "2009.11.22"]

1. e4 e5 2. Nf3 Nc6 3. d4 d6 4. dxe5 Nxe5 5. Nxe5 dxe5 6. Qxd8+ Kxd8 7. Bc4 Ke8
8. O-O Nf6 9. Nc3 Bd6 10. Bg5 Be6 11. Bb5+ c6 12. Rad1 Rd8 13. Be2 Ke7 14. f4
h6 15. Bxf6+ gxf6 16. f5 Bc8 17. Rd3 Bc5+ 18. Kh1 Rxd3 19. Bxd3 Bd4 20. Rf3
Bxc3 21. bxc3 b5 22. c4 bxc4 23. Bxc4 Bb7 24. Kg1 c5 25. Bd3 Rc8 26. c4 Bc6 27.
Kf2 Ba4 28. Ke3 Rg8 29. Bf1 Bd1 30. Rh3 Rh8 31. Kd2 Ba4 32. Ra3 Bc6 33. Rxa7+
Kf8 34. Ke3 Kg7 35. Rc7 Ba4 36. Rxc5 Ra8 37. Bd3 Ra7 38. Kd2 Bd7 39. Bb1 Ba4
40. Rc8 Bd7 41. Rb8 Bc6 42. Kc3 Rb7 43. Rxb7 Bxb7 44. Kb4 Kf8 45. a4 1-0

[Event "España tch ONCE 2009 Segunda División"]
[Site "Fuengirola ESP"]
[Date "2009.11.24"]
[Round "3.33"]
[White "Bueno Cardenas, Rafael"]
[Black "De Los Heros Torres, Francisco"]
[Result "1/2-1/2"]
[WhiteElo "1526"]
[BlackElo "1692"]
[PlyCount "33"]
[EventDate "2009.11.22"]
[EventType "team-"]
[EventRounds "7"]
[EventCountry "ESP"]
[Source "lmi"]
[SourceDate "2009.11.22"]

1. e4 e6 2. b3 d5 3. Bb2 d4 4. Nf3 c5 5. Bc4 a6 6. a4 Nc6 7. Qe2 Be7 8. c3 e5
9. Na3 Nf6 10. Nc2 O-O 11. O-O Na5 12. Nxe5 Nxc4 13. Qxc4 Be6 14. Qd3 Bxb3 15.
cxd4 Bxc2 16. Qxc2 cxd4 17. Rfe1 1/2-1/2

[Event "España tch ONCE 2009 Segunda División"]
[Site "Fuengirola ESP"]
[Date "2009.11.24"]
[Round "3.41"]
[White "Diez Asensio, Jesus"]
[Black "Rodriguez Aguilera, Aurelio"]
[Result "1/2-1/2"]
[WhiteElo "1821"]
[BlackElo "1981"]
[PlyCount "44"]
[EventDate "2009.11.22"]
[EventType "team-"]
[EventRounds "7"]
[EventCountry "ESP"]
[Source "lmi"]
[SourceDate "2009.11.22"]

1. d4 d5 2. Nf3 Nf6 3. c4 e6 4. Nc3 c6 5. Bg5 Nbd7 6. e3 Qa5 7. cxd5 Nxd5 8.
Qd2 N7f6 9. Bd3 h6 10. Bh4 Be7 11. O-O Qd8 12. Rac1 O-O 13. a3 Nh5 14. Bxe7
Qxe7 15. Ne5 Nhf6 16. e4 Nb6 17. f4 c5 18. dxc5 Qxc5+ 19. Kh1 Qe7 20. b4 Bd7
21. Qe2 Rac8 22. Rfd1 Rfd8 1/2-1/2

[Event "España tch ONCE 2009 Segunda División"]
[Site "Fuengirola ESP"]
[Date "2009.11.24"]
[Round "3.42"]
[White "Delgado Lagares, Francisco Javier"]
[Black "Ampudia Asensio, Jose Luis"]
[Result "0-1"]
[WhiteElo "1682"]
[BlackElo "1591"]
[PlyCount "44"]
[EventDate "2009.11.22"]
[EventType "team-"]
[EventRounds "7"]
[EventCountry "ESP"]
[Source "lmi"]
[SourceDate "2009.11.22"]

1. e4 e6 2. Nf3 d5 3. exd5 exd5 4. d4 Bd6 5. Nc3 Nf6 6. Nb5 Bb4+ 7. c3 Ba5 8.
Qe2+ Be6 9. Ng5 Qe7 10. Nxe6 fxe6 11. Bf4 O-O 12. Be5 a6 13. Na3 Ne4 14. Nc2
Rxf2 15. Qd3 Rd2 16. Qf3 Rxc2 17. Bd3 Rxb2 18. Bxe4 dxe4 19. Qg3 Nc6 20. O-O
Nxe5 21. Qxe5 Rb5 22. Qxe4 Bxc3 0-1

[Event "España tch ONCE 2009 Segunda División"]
[Site "Fuengirola ESP"]
[Date "2009.11.24"]
[Round "3.43"]
[White "Sanz Garcia, Ramon"]
[Black "Devesa Seoane, Antonio"]
[Result "0-1"]
[WhiteElo "1624"]
[BlackElo "1829"]
[PlyCount "52"]
[EventDate "2009.11.22"]
[EventType "team-"]
[EventRounds "7"]
[EventCountry "ESP"]
[Source "lmi"]
[SourceDate "2009.11.22"]

1. e4 e5 2. Nf3 Nc6 3. Bb5 a6 4. Ba4 Nf6 5. O-O b5 6. Bb3 Be7 7. Re1 O-O 8. c3
d5 9. exd5 Nxd5 10. Bc2 Nf6 11. h3 Bd6 12. d4 exd4 13. Nxd4 Nxd4 14. Qxd4 Re8
15. Be3 Bb7 16. Qd1 Nd5 17. Qd3 g6 18. Nd2 Nxe3 19. Rxe3 Bc5 20. Rxe8+ Qxe8 21.
Ne4 Qc6 22. Re1 f5 23. Qd7 fxe4 24. Qxc6 Bxc6 25. Bxe4 Bxe4 26. Rxe4 Rf8 0-1

[Event "España tch ONCE 2009 Segunda División"]
[Site "Fuengirola ESP"]
[Date "2009.11.25"]
[Round "4.11"]
[White "Fernandez Lago, David"]
[Black "Rodriguez Aguilera, Aurelio"]
[Result "1/2-1/2"]
[WhiteElo "2003"]
[BlackElo "1981"]
[PlyCount "56"]
[EventDate "2009.11.22"]
[EventType "team-"]
[EventRounds "7"]
[EventCountry "ESP"]
[Source "lmi"]
[SourceDate "2009.11.22"]

1. d4 d5 2. c4 e6 3. Nc3 Nf6 4. Nf3 c6 5. e3 Nbd7 6. Qc2 a6 7. Bd3 dxc4 8. Bxc4
b5 9. Bb3 c5 10. Qe2 Bb7 11. O-O c4 12. Bc2 Be7 13. e4 O-O 14. e5 Nd5 15. Qe4
g6 16. Qg4 Nxc3 17. bxc3 Bxf3 18. gxf3 Nb6 19. Be4 Nd5 20. Bh6 Re8 21. h4 Bf8
22. Bg5 Be7 23. Kg2 h5 24. Qg3 Bxg5 25. hxg5 Rb8 26. f4 a5 27. Qf3 Ne7 28. Rh1
Kg7 1/2-1/2

[Event "España tch ONCE 2009 Segunda División"]
[Site "Fuengirola ESP"]
[Date "2009.11.25"]
[Round "4.12"]
[White "Delgado Lagares, Francisco Javier"]
[Black "Lago Carballo, Carmen"]
[Result "1-0"]
[WhiteElo "1682"]
[BlackElo "1474"]
[PlyCount "53"]
[EventDate "2009.11.22"]
[EventType "team-"]
[EventRounds "7"]
[EventCountry "ESP"]
[Source "lmi"]
[SourceDate "2009.11.22"]

1. e4 d5 2. d4 dxe4 3. Nc3 Nf6 4. Bg5 Bf5 5. f3 e6 6. Bc4 exf3 7. Nxf3 Be7 8.
Qd2 Ne4 9. Nxe4 Bxe4 10. Bxe7 Qxe7 11. O-O O-O 12. c3 Nd7 13. Rae1 Bg6 14. Qf4
Nf6 15. d5 Qc5+ 16. Kh1 Nxd5 17. Bxd5 Qxd5 18. Qxc7 Rac8 19. Qe7 Rce8 20. Qc7
Rd8 21. Ne5 Rc8 22. Qe7 Rfe8 23. Qb4 a5 24. Qb6 Re7 25. Rd1 Rc6 26. Qd8+ Qxd8
27. Rxd8+ 1-0

[Event "España tch ONCE 2009 Segunda División"]
[Site "Fuengirola ESP"]
[Date "2009.11.25"]
[Round "4.13"]
[White "Martinez Perez, Carlos"]
[Black "Devesa Seoane, Antonio"]
[Result "1/2-1/2"]
[WhiteElo "1611"]
[BlackElo "1829"]
[PlyCount "64"]
[EventDate "2009.11.22"]
[EventType "team-"]
[EventRounds "7"]
[EventCountry "ESP"]
[Source "lmi"]
[SourceDate "2009.11.22"]

1. e4 e5 2. d4 exd4 3. Qxd4 Nc6 4. Qe3 d6 5. Nc3 Nf6 6. b3 Be7 7. Bb2 O-O 8.
O-O-O Ng4 9. Qe1 Bf6 10. h3 Nge5 11. Kb1 Ng6 12. Nge2 Be5 13. g3 f5 14. f4 Bxc3
15. Nxc3 fxe4 16. Nxe4 Re8 17. Qc3 Re7 18. Ng5 Qf8 19. Bc4+ Kh8 20. Rhe1 Nd8
21. Rxe7 Nxe7 22. h4 Bg4 23. Re1 d5 24. Bxd5 h6 25. Ne6 Nxd5 26. Nxf8 Nxc3+ 27.
Bxc3 Nc6 28. Ng6+ Kh7 29. Ne5 Nxe5 30. Rxe5 Rd8 31. Re7 Rd7 32. Rxd7 Bxd7
1/2-1/2

[Event "España tch ONCE 2009 Segunda División"]
[Site "Fuengirola ESP"]
[Date "2009.11.25"]
[Round "4.21"]
[White "Fernandez Cabello, Emilio"]
[Black "Diez Asensio, Jesus"]
[Result "0-1"]
[WhiteElo "1830"]
[BlackElo "1821"]
[PlyCount "38"]
[EventDate "2009.11.22"]
[EventType "team-"]
[EventRounds "7"]
[EventCountry "ESP"]
[Source "lmi"]
[SourceDate "2009.11.22"]

1. e4 c5 2. Nc3 e6 3. f4 Nc6 4. Nf3 Nge7 5. Bc4 d5 6. Be2 d4 7. Nb1 b6 8. Bc4
Bb7 9. d3 Ng6 10. O-O Be7 11. Ng5 O-O 12. Nxh7 Kxh7 13. Qh5+ Kg8 14. f5 exf5
15. exf5 Nge5 16. Nd2 Nxc4 17. dxc4 Ne5 18. Nf3 Nxf3+ 19. gxf3 Qd6 0-1

[Event "España tch ONCE 2009 Segunda División"]
[Site "Fuengirola ESP"]
[Date "2009.11.25"]
[Round "4.22"]
[White "Ampudia Asensio, Jose Luis"]
[Black "Escabias Perez, Miguel"]
[Result "1/2-1/2"]
[WhiteElo "1591"]
[BlackElo "1733"]
[PlyCount "58"]
[EventDate "2009.11.22"]
[EventType "team-"]
[EventRounds "7"]
[EventCountry "ESP"]
[Source "lmi"]
[SourceDate "2009.11.22"]

1. d4 Nf6 2. Nf3 d5 3. c4 e6 4. Qc2 Be7 5. g3 O-O 6. Bg2 c6 7. O-O Nbd7 8. b3
Rb8 9. Bb2 b5 10. Nbd2 bxc4 11. bxc4 Ba6 12. Rab1 Nb6 13. Ne5 Qc8 14. Ba1 Nbd7
15. Rxb8 Nxb8 16. Qa4 Nfd7 17. Nxd7 Nxd7 18. cxd5 cxd5 19. Nb3 Nb6 20. Qa5 Nc4
21. Qa4 Nb6 22. Qa5 Qc4 23. Rc1 Qb5 24. Qxb5 Bxb5 25. Rc7 Bf6 26. Rxa7 Bxe2 27.
Bf1 Bxf1 28. Kxf1 Rc8 29. a4 Ra8 1/2-1/2

[Event "España tch ONCE 2009 Segunda División"]
[Site "Fuengirola ESP"]
[Date "2009.11.25"]
[Round "4.23"]
[White "De Los Heros Torres, Francisco"]
[Black "Sanz Garcia, Ramon"]
[Result "0-1"]
[WhiteElo "1692"]
[BlackElo "1624"]
[PlyCount "86"]
[EventDate "2009.11.22"]
[EventType "team-"]
[EventRounds "7"]
[EventCountry "ESP"]
[Source "lmi"]
[SourceDate "2009.11.22"]

1. e4 e5 2. Bc4 Nf6 3. d4 Qe7 4. Nf3 Nxe4 5. O-O d6 6. dxe5 dxe5 7. Re1 Nxf2 8.
Kxf2 Qc5+ 9. Qd4 Qxd4+ 10. Nxd4 Nd7 11. Nf3 Bd6 12. Nc3 a6 13. Ne4 Be7 14. Bg5
f6 15. Be3 h6 16. Ng3 g6 17. Rad1 Nf8 18. Ne4 Be6 19. Bxe6 Nxe6 20. Re2 f5 21.
Nc3 Bd6 22. Nd5 O-O-O 23. Red2 f4 24. Ba7 e4 25. Ne5 e3+ 26. Ke2 exd2 27. Nf7
Rhe8 28. Nxd8 Kxd8 29. Nf6 Rf8 30. Ne4 b6 31. Nxd6 cxd6 32. Bxb6+ Kd7 33. Rxd2
Kc6 34. Bf2 Ng5 35. Bh4 Ne4 36. Rd3 g5 37. Be1 Rb8 38. b3 d5 39. Bc3 Re8 40.
Kf3 Nc5 41. Bg7 Nxd3 42. cxd3 h5 43. Bd4 Re1 0-1

[Event "España tch ONCE 2009 Segunda División"]
[Site "Fuengirola ESP"]
[Date "2009.11.25"]
[Round "4.31"]
[White "Bernabe Monteagudo, Francesc"]
[Black "Gimeno Diaz, Fernando"]
[Result "0-1"]
[WhiteElo "1876"]
[BlackElo "1931"]
[PlyCount "64"]
[EventDate "2009.11.22"]
[EventType "team-"]
[EventRounds "7"]
[EventCountry "ESP"]
[Source "lmi"]
[SourceDate "2009.11.22"]

1. d4 Nf6 2. c4 g6 3. Nc3 Bg7 4. e4 d6 5. Nf3 O-O 6. Be2 e5 7. O-O exd4 8. Nxd4
Re8 9. f3 Nc6 10. Nc2 Be6 11. Nd5 Nd7 12. Rb1 f5 13. Bf4 fxe4 14. fxe4 Nc5 15.
Bf3 Ne5 16. Bxe5 Bxe5 17. Nd4 Bd7 18. Nc2 c6 19. Nc3 Qh4 20. g3 Qh6 21. Qc1 Qg7
22. Rd1 Be6 23. b4 Nd7 24. b5 Rab8 25. Na4 Rec8 26. b6 axb6 27. Nxb6 Nxb6 28.
Rxb6 Rf8 29. Kg2 Bh3+ 30. Kxh3 Rxf3 31. Rb3 Rf2 32. Ne1 Qd7+ 0-1

[Event "España tch ONCE 2009 Segunda División"]
[Site "Fuengirola ESP"]
[Date "2009.11.25"]
[Round "4.32"]
[White "Sancho Luño, Vicente"]
[Black "Martinez Lopez-Cozar, Manuel"]
[Result "0-1"]
[WhiteElo "1819"]
[BlackElo "1704"]
[PlyCount "72"]
[EventDate "2009.11.22"]
[EventType "team-"]
[EventRounds "7"]
[EventCountry "ESP"]
[Source "lmi"]
[SourceDate "2009.11.22"]

1. e4 c5 2. Nf3 Nc6 3. d4 cxd4 4. Nxd4 a6 5. Nc3 Qc7 6. Be2 e6 7. O-O Nf6 8. h3
Bb4 9. Nxc6 Bxc3 10. bxc3 bxc6 11. Bd3 h6 12. Be3 O-O 13. c4 c5 14. f4 Bb7 15.
e5 Qc6 16. Qe2 Ne4 17. Bxe4 Qxe4 18. Qd2 Rac8 19. Qe2 Rb8 20. Rf2 Qc6 21. Qd3
Qc7 22. Rd1 Rfd8 23. f5 exf5 24. Qxf5 Qc6 25. Qxf7+ Kh8 26. Qf5 Rf8 27. Qg4
Rxf2 28. Kxf2 Bc8 29. Rd6 Qa4 30. Bxh6 Qxc2+ 31. Kg1 Qh7 32. Bxg7+ Qxg7 33. Rg6
Rb1+ 34. Kh2 Qxe5+ 35. Qg3 Qxg3+ 36. Rxg3 Rb2 0-1

[Event "España tch ONCE 2009 Segunda División"]
[Site "Fuengirola ESP"]
[Date "2009.11.25"]
[Round "4.33"]
[White "Suarez Hernandez, Francisco"]
[Black "Bueno Cardenas, Rafael"]
[Result "1-0"]
[WhiteElo "1654"]
[BlackElo "1526"]
[PlyCount "29"]
[EventDate "2009.11.22"]
[EventType "team-"]
[EventRounds "7"]
[EventCountry "ESP"]
[Source "lmi"]
[SourceDate "2009.11.22"]

1. e4 e5 2. Nf3 f6 3. Bc4 Ne7 4. d4 d5 5. exd5 Bg4 6. dxe5 fxe5 7. Be2 Qd6 8.
Nc3 a6 9. O-O Nd7 10. Ng5 Bxe2 11. Qxe2 Nxd5 12. Qf3 N7f6 13. Nce4 Qe7 14.
Nxf6+ Qxf6 15. Qxd5 1-0

[Event "España tch ONCE 2009 Segunda División"]
[Site "Fuengirola ESP"]
[Date "2009.11.25"]
[Round "4.34"]
[White "Samper Alarcon, Julio Alfredo"]
[Black "Arcas Rodriguez, Jordi"]
[Result "1/2-1/2"]
[WhiteElo "1591"]
[BlackElo "1631"]
[PlyCount "60"]
[EventDate "2009.11.22"]
[EventType "team-"]
[EventRounds "7"]
[EventCountry "ESP"]
[Source "lmi"]
[SourceDate "2009.11.22"]

1. e4 c5 2. Nf3 d6 3. d4 cxd4 4. Qxd4 Nc6 5. Bb5 Bd7 6. Bxc6 Bxc6 7. Nc3 Nf6 8.
Bg5 e5 9. Qd3 Be7 10. O-O-O h6 11. Bxf6 gxf6 12. Nh4 Qd7 13. Nf5 O-O-O 14. g4
Kb8 15. Rd2 h5 16. Rhd1 Kc7 17. h3 hxg4 18. hxg4 Bf8 19. Nd5+ Bxd5 20. Qxd5 Bh6
21. Nxh6 Rxh6 22. b3 Rh7 23. f3 Qc6 24. Qa5+ Qb6 25. Qc3+ Qc6 26. Qe3 b6 27. f4
Qc5 28. Qxc5+ bxc5 29. fxe5 fxe5 30. Rg2 Rdh8 1/2-1/2

[Event "España tch ONCE 2009 Segunda División"]
[Site "Fuengirola ESP"]
[Date "2009.11.25"]
[Round "4.41"]
[White "Zanoletty Garcia, David"]
[Black "Salas Rasilla, Concepcion"]
[Result "1-0"]
[WhiteElo "2004"]
[BlackElo "1838"]
[PlyCount "56"]
[EventDate "2009.11.22"]
[EventType "team-"]
[EventRounds "7"]
[EventCountry "ESP"]
[Source "lmi"]
[SourceDate "2009.11.22"]

1. Nf3 Nf6 2. b3 d5 3. Bb2 e6 4. e3 Be7 5. c4 c6 6. Be2 Nbd7 7. O-O O-O 8. d4
Ne4 9. Ne1 Ndf6 10. c5 h6 11. Nd3 b6 12. Ne5 Bb7 13. f3 Ng5 14. Qc2 Rc8 15. Bd3
Re8 16. Re1 Ngh7 17. Nd2 Nf8 18. Rad1 N8d7 19. b4 Nxe5 20. dxe5 Nd7 21. Nb3 Qc7
22. f4 a5 23. cxb6 Nxb6 24. bxa5 Nc4 25. Bxc4 dxc4 26. Qxc4 c5 27. a6 Ba8 28.
Bc3 Red8 1-0